Eduskunnasta vuoden 2023 vaaleissa pudonneet kansanedustajat - Statistics

Yleistilastot
  • Tätä visaa on pelattu 47 kertaa
  • Keskiarvotulos 10 / 31
Vastaustilastot
Puolue Vaalipiiri Kansanedustaja % Oikein
VKK Kaakkois-Suomi Ano Turtiainen
77%
SDP Uusimaa Antti Rinne
74%
VIHR Pirkanmaa Iiris Suomela
69%
SDP Kaakkois-Suomi Sirpa Paatero
54%
KESK Helsinki Mikko Kärnä
49%
RKP Uusimaa Thomas Blomqvist
49%
KESK Keski-Suomi Joonas Könttä
46%
VAS Varsinais-Suomi Johannes Yrttiaho
40%
PS Uusimaa Mika Niikko
37%
KOK Pirkanmaa Jari Kinnunen
34%
KESK Oulu Mikko Kinnunen
34%
KESK Vaasa Pasi Kivisaari
31%
KOK Varsinais-Suomi Anne-Mari Virolainen
29%
KESK Pirkanmaa Arto Pirttilahti
29%
KOK Vaasa Janne Sankelo
29%
VAS Savo-Karjala Matti Semi
29%
PS Oulu Olli Immonen
29%
VAS Uusimaa Pia Lohikoski
29%
PS Helsinki Tom Packalén
29%
SDP Uusimaa Hussein al-Taee
26%
VIHR Helsinki Mari Holopainen
26%
VAS Helsinki Suldaan Said Ahmed
26%
KESK Kaakkois-Suomi Ari Torniainen
23%
VAS Oulu Katja Hänninen
23%
VIHR Häme Mirka Soinikoski
23%
PS Vaasa Jukka Mäkynen
20%
VIHR Uusimaa Noora Koponen
20%
SDP Satakunta Heidi Viljanen
17%
PS Keski-Suomi Jouni Kotiaho
17%
PS Savo-Karjala Jussi Wihonen
17%
PS Häme Rami Lehto
17%
Ehtoja vastaavia visoja ei löytynyt
Tulosjakauma
Jokaisen tuloksen saaneiden osuus
Persentiili vastausten määrän mukaan
Tuloshistoriasi
Et ole pelannut tätä visaa